| 000 | 00578nam a2200181 a 4500 | ||
|---|---|---|---|
| 008 | 120416s1996 ||||||||||||||||| || u | ||
| 020 | _a0421575204 | ||
| 050 | _aKD 174 Hea | ||
| 100 | _aHeap, Desmond | ||
| 245 | 1 | 3 | _aAn outline of planning law |
| 250 | _a11th editi | ||
| 260 |
_aLondon _bSweet and Maxwell _c1996 |
||
| 300 | _alxxxiv, 514p. : ill. | ||
| 350 | _a0.00 | ||
| 650 | _aLAW | ||
| 650 | _aPLANNING LAW | ||
| 995 |
_D0.00 _FCBU-MAIN LIBRARY (Kitwe) _H1 _I20.00 _M1 _UAVAILABLE _ZMain Library Open Access Collection |
||
| 999 |
_c53011 _d53011 |
||